Hellas /
Aquí se presentan sesenta y cuatro fotografías sobre arquitectura griega -Acrópolis, Agora, Delfos, Olimpia-, realizadas por George Hoyningen-Huene, artista ruso radicado en Estados Unidos. Las imágenes están acompañadas de textos y poemas de grandes pensadores griegos.
-д хадгалсан:
| Үндсэн зохиолч: | |
|---|---|
| Бусад зохиолчид: | , |
| Формат: | Ном |
| Хэл сонгох: | англи |
| Нөхцлүүд: | |
| Шошгууд: |
Шошго байхгүй, Энэхүү баримтыг шошголох эхний хүн болох!
|
MARC
| LEADER | 00000nam^a2200000^a^4500 | ||
|---|---|---|---|
| 001 | 000190946 | ||
| 005 | 20250521000000.0 | ||
| 009 | 20260310102510.087 | ||
| 037 | |a Acervo ITESO - Biblioteca | ||
| 041 | |a ING | ||
| 082 | |a 770. 973 |b HOY HEL | ||
| 100 | |a Hoyningen-Huene, George |e (fotógrafo y edición) | ||
| 245 | 1 | 0 | |a Hellas / |c Ed. y fotografía de G. Hoyningen-Huene ; ed. de H. Chisholm, A. Koiransky. |
| 264 | |a Nueva York, EUA : |b J.J. Augustin, |c fecha no identificada | ||
| 300 | |a 143 p. | ||
| 336 | |a texto |b txt |2 rdacontenido | ||
| 337 | |a sin mediación |b n |2 rdamedio | ||
| 338 | |a volumen |b nc |2 rdasoporte | ||
| 520 | |a Aquí se presentan sesenta y cuatro fotografías sobre arquitectura griega -Acrópolis, Agora, Delfos, Olimpia-, realizadas por George Hoyningen-Huene, artista ruso radicado en Estados Unidos. Las imágenes están acompañadas de textos y poemas de grandes pensadores griegos. | ||
| 545 | 0 | |a George Hoyningen-Huene (San Petersburgo, 1900 - Los Ángeles, 1968), miembro de una familia acomodada de la Rusia imperial, huyó a Francia durante la revolución, para establecerse más tarde -1935- en Estados Unidos, cuya nacionalidad adoptó. Antes, en 1931, entró en contacto con Cecil Beaton e inició su caminar por el mundo de la fotografía de moda, campo en el que alcanzó un gran reconocimiento; la crítica habla de imágenes posadas que realzan la textura y estilo de las prendas, sin renunciar a cierto sello casual. Sin embargo, se aventuró también por otros senderos, con reportajes sobre la riqueza cultural de Grecia, Egipto y México y fue también asesor visual en varias películas. En San Petersburgo se presentó una gran retrospectiva de sus creaciones en 2007. | |
| 649 | |a XX | ||
| 650 | |a Arquitectura Griega - |x Historia y Crítica - |x Tema Principal | ||
| 650 | |a Arquitectura Clásica - |z Grecia - |x Historia y Crítica | ||
| 650 | |a Arte Griego - |x Historia y Crítica | ||
| 650 | |a Arte Clásico - |z Grecia - |x Historia y Crítica | ||
| 650 | |a Literatura Griega | ||
| 650 | |a Grecia - |x Fotografías | ||
| 650 | |a Grecia - |x Descripción | ||
| 650 | |a Hoyningen-Huene, George - |x Tema Principal | ||
| 700 | |a Chisholm, Hugh |e (edición) | ||
| 700 | |a Koiransky, Alexander |e (edición) | ||
| 910 | |a Fondo Julio de la Peña Lomelín | ||
| 920 | |a Impresos - Libros | ||
| 930 | |a Arquitectos Jaliscienses | ||
| 905 | |a 115 | ||
| 901 | |a 0500134918 |b IT1 |c JAL |u 20250521 | ||
| 902 | |a https://opac.biblio.iteso.mx/vufind/Record/000190946 | ||